Antología escolar: Lecturas para enseñanza secundaria y especial
Saved in:
| Main Author: | |
|---|---|
| Other Authors: | |
| Format: | Book |
| Language: | Spanish |
| Published: |
Buenos Aires :
Cabaut,
1936
|
| Textbook Catalogue: | MANES: Library Catalog Search Result |
| Textbook Classification: |
|
| Series: | (Escritores nuestros, I)
|
| Tags: |
Add Tag
No Tags, Be the first to tag this record!
|
| Added to: | 2018-09-03 |
| Changed in: | 2025-05-07 |
MARC
| LEADER | 00000nam a22000007a 4500 | ||
|---|---|---|---|
| 005 | 20250507125835.0 | ||
| 008 | 180904b xxu||||| |||| 00| 0 spa d | ||
| 040 | |a centro_manes |c bdocenteBA | ||
| 100 | 1 | |9 22323 |a Lynch, Benito |d Autor | |
| 245 | 1 | |a Antología escolar: Lecturas para enseñanza secundaria y especial | |
| 260 | 1 | |a Buenos Aires : |b Cabaut, |c 1936 | |
| 300 | 1 | |a 250 p. ; |c 18 x 14 cm. | |
| 440 | |p (Escritores nuestros, I) |9 42754 | ||
| 500 | 1 | |a A este libro se le asignó el número de inventario 28007. |a Posee hojas sueltas. | |
| 546 | |a Argentina | ||
| 561 | |5 ar-DOCE |3 HTA 1936 ANTa Ej.1 |a Argentina. Biblioteca del Docente |k MANES | ||
| 690 | 0 | |a LEN | |
| 691 | 0 | |a SE | |
| 700 | 1 | |9 22324 |a Donghi de Halperin, Renata |e Selección y notas | |
| 942 | |2 ddc |c BK | ||
| 999 | |c 51597 |d 51597 | ||
| 999 | |c manes:51597 |d 51597 | ||